Data structures and algorithm analysis in C++ / (Record no. 180372)

000 -LEADER
fixed length control field 00886 a2200205 4500
003 - CONTROL NUMBER IDENTIFIER
control field Nust
005 - DATE AND TIME OF LATEST TRANSACTION
control field 20220817143923.0
010 ## - LIBRARY OF CONGRESS CONTROL NUMBER
LC control number 92033294
020 ## - INTERNATIONAL STANDARD BOOK NUMBER
International Standard Book Number 9812359591
040 ## - CATALOGING SOURCE
Transcribing agency Nust
082 00 - DEWEY DECIMAL CLASSIFICATION NUMBER
Classification number 005.133,WEI
100 1# - MAIN ENTRY--PERSONAL NAME
Personal name Weiss, Mark Allen.
9 (RLIN) 58696
245 10 - TITLE STATEMENT
Title Data structures and algorithm analysis in C++ /
Statement of responsibility, etc. Mark Allen Weiss.
260 ## - PUBLICATION, DISTRIBUTION, ETC.
Place of publication, distribution, etc. Redwood City, Calif. :
Name of publisher, distributor, etc. Benjamin/Cummings Pub. Co.,
Date of publication, distribution, etc. c1993.
300 ## - PHYSICAL DESCRIPTION
Extent xvii, 498p. :
Other physical details ill. ;
Dimensions 25 cm.
505 ## - FORMATTED CONTENTS NOTE
Formatted contents note Introduction (Page-1), Algorithms Analysis (Page-29), Lists, Stacks and Queues (Page-57), Tree (Page-115), Hashing (Page-181), Priority Queues (Page-211), Sorting (Page-253), Graph Algorithms (Page-319), Algorithms Design Techniques (Page-383), Amortized Analysis (Page-463).
650 #0 - SUBJECT ADDED ENTRY--TOPICAL TERM
Topical term or geographic name entry element C (Computer program language)
9 (RLIN) 1226
650 #0 - SUBJECT ADDED ENTRY--TOPICAL TERM
Topical term or geographic name entry element Data structures (Computer science)
942 ## - ADDED ENTRY ELEMENTS (KOHA)
Source of classification or shelving scheme
Koha item type Book
Call number prefix 005.133,WEI
Holdings
Withdrawn status Lost status Source of classification or shelving scheme Damaged status Not for loan Permanent Location Current Location Shelving location Date acquired Total Checkouts Full call number Barcode Date last seen Date last checked out Price effective from Koha item type Public note
          Military College of Signals (MCS) Military College of Signals (MCS) General Stacks 12/12/2016 1 005.133,WEI MCS28146 01/30/2024 01/16/2024 12/12/2016 Book Almirah No.5, Shelf No.3
© 2023 Central Library, National University of Sciences and Technology. All Rights Reserved.